| 000 | 00695nam a22001697a 4500 | ||
|---|---|---|---|
| 999 |
_c61426 _d61426 |
||
| 005 | 20240312152139.0 | ||
| 008 | 240312s1974 ru ||||| |||| 00| 0 rus d | ||
| 041 | _arus | ||
| 080 | _a159.922.41 П-60 | ||
| 100 |
_aПоршнев, Б.Ф. _921394 |
||
| 245 |
_aО начале человеческой истории : _bпроблемы палеопсихологии / _cБ.Ф.Поршнев. |
||
| 264 |
_aМосква: _b"Мысль". _c1974. |
||
| 300 |
_a487 с. _b21 см. |
||
| 653 | _aკაცობრიობის ისტორიის დასაწყისი | ||
| 653 | _aპალეოფსიქოლოგიის პრობლემები | ||
| 942 |
_2udc _cBK |
||